000 02396cam a2200277 4500500
005 20260301000516.0
041 _afre
042 _adc
100 1 0 _aBéduchaud, Diane
_eauthor
245 0 0 _aYoung carers: An emerging topic for research and public action
260 _c2023.
500 _a33
520 _aIn this article, we document a psychoeducational intervention aimed at promoting an attitude of resilience in Ukrainian refugee children. In accordance with the most recent literature on resilience, which views this concept as a dynamic and constructive process based on coping strategies, we implemented a three-session intervention centered on the joint reading of a children’s story entitled “The perfect moment.” The plot of the story, based on the trials and tribulations of a squirrel and its encounters with other animals, was chosen because it seemed to symbolically evoke what the children were experiencing. Fifteen Ukrainian refugee children (7 to 12 years old), hosted on a university campus in Italy, two Italian psychologists, and four bilingual Ukrainian-Italian social sciences students participated in this study. Session after session, children were involved in the story at different levels of representation, from decoding of the images of the book, and acting out the scenes, to explicitly naming the actions taken using three verbs: “to do,” “to say,” and “to think,” with all communication expressed in Ukrainian. These verbs were chosen to serve as linguistic signifiers of coping strategies capable of transforming negative feelings or events into constructive actions, in collaboration with peers. From the very first session, all the children showed very active participation and appropriate understanding of the exercise. This initiative could be proposed as a first step toward a more far-reaching psychoeducational intervention.
690 _aaidant familial
690 _adépendance
690 _afamille
690 _ahandicap
690 _ajeunes aidants
690 _ajeunesse
690 _amaladie
690 _aproche aidant
690 _arelations intergénérationnelles
690 _asolidarité familiale
786 0 _nInformations sociales | o 208 | 4 | 2023-05-03 | p. 33-37 | 0046-9459
856 4 1 _uhttps://shs.cairn.info/journal-informations-sociales-2022-4-page-33?lang=en&redirect-ssocas=7080
999 _c1671748
_d1671748